000 00366nam a22001337a 4500
005 20250320135543.0
008 250320b |||||||| |||| 00| 0 eng d
041 _aMar.
100 _aपटवर्धन, प्रमिला
_9180353
245 _aजगावेगळ्या व्यक्ती
260 _aPune
_bPornima
300 _a64
942 _cDB
999 _c365651
_d365651